| 000 | 01203cam a2200289 4500 | ||
|---|---|---|---|
| 001 | ABS66213 | ||
| 008 | 030107n2002 000 0 eng u | ||
| 035 | _a(Sirsi) u120945 | ||
| 100 | _aEmery, S | ||
| 245 | _aPreserving the past | ||
| 260 | _c2002 | ||
| 490 |
_aFire Engineers' Journal _v62(227) December 2002, 17-19(3) |
||
| 520 | _aConsiders fire risks in heritage premises in particular staff areas such as offices, workshops and storage areas rather than the public areas. Stresses the need for an appropriate fire risk assessment and creation of a disaster plan. Considers the range of fire hazards, the use of staff knowledge to compile the risk manual, the development of a salvage plan, remedial action in listed buildings, firefighting problems and fire spread. | ||
| 590 | _aABS | ||
| 650 | _aHERITAGE PROPERTY | ||
| 650 | _aART GALLERIES | ||
| 650 | _aMUSEUMS | ||
| 650 | _aFIRE HAZARDS | ||
| 650 | _aSALVAGE PLANS | ||
| 650 | _aFIRE RISK ASSESSMENT | ||
| 650 | _aFIRE | ||
| 650 | _aDISASTER PLANNING | ||
| 650 | _aFIRE BRIGADE | ||
| 650 | _aLISTED BUILDINGS | ||
| 690 | _aBUILT ENVIRONMENT-BUILDING MAINTENANCE AND REFURBISHMENT-BUILDING CONSERVATION | ||
| 942 | _n0 | ||
| 999 |
_c71895 _d71895 |
||